000 01026cam a2200253 a 4500
001 000007320
005 20200929154131.0
008 940503s1992 ck b 000 0aspa d
020 _a9586120910
040 _aDO-SdBNP
_bspa
_cBNPHU
082 _axxxx
_bxxxx
100 1 _aLa Condamine
_q(Charles-Marie de La Condamine),
_d1701-1774.
_920351
245 1 3 _aLa América meridional - canal de Panamá /
_cLa Condamine y Napoleón Bonaparte Wyse ; presentación, Fernan E. Gonzalez.
260 _aBogotá, Colombia :
_bComisión Quinto Centenario-Colombia ;
_bInstituto Colombiano de Cultura,
_c1992.
300 _a213 p. ;
_c24 cm.
490 1 _aBiblioteca V Centenario Colcultura ;
490 1 _aViajeros por Colombia ;
504 _aIncluye referencias bibliográficas.
700 1 _aWyse, Lucien N. B.,
_q(Lucien Napoleon Bonaparte)
_d1845-1909
_920352
740 0 _aAmérica meridional.
740 0 _aCanal de Panamá.
830 0 _aBibliotecsa V Centenario Colcuktura ;
_920353
830 0 _aViajeros por Colombia ;
_920354
999 _c7101
_d7101